[Event "418 Stay Safe Play From Home series"]
[Site "Emanuel Lasker Arena"]
[Date "2020.08.28"]
[Round "2"]
[White "Lazieri3"]
[Black "Schachwerk_64"]
[Result "1/2-1/2"]
[WhiteElo "2067"]
[BlackElo "1980"]
[Annotator "NA"]
[PlyCount "77"]
[EventDate "2020.08.28"]
[EventType "swiss (blitz)"]

1. e4 {[%emt 0:00:01]} d5 {[%emt 0:00:00]} 2. Nc3 {[%emt 0:00:00]} d4 {[%emt 0:00:01]} 3. d3 {[%emt 0:00:00]} e5 {[%emt 0:00:00]} 4. Nce2 {[%emt 0:00:01]} c5 {[%emt 0:00:03]} 5. f4 {[%emt 0:00:00]} Nc6 {[%emt 0:00:01]} 6. fxe5 {[%emt 0:00:01]} Nxe5 {[%emt 0:00:01]} 7. Nf3 {[%emt 0:00:00]} Bd6 {[%emt 0:00:01]} 8. Nxe5 {[%emt 0:00:01]} Bxe5 {[%emt 0:00:00]} 9. Bf4 {[%emt 0:00:01]} Qc7 {[%emt 0:00:02]} 10. Qd2 {[%emt 0:00:02]} Bxf4 {[%emt 0:00:01]} 11. Qxf4 {[%emt 0:00:00]} Qxf4 {[%emt 0:00:01]} 12. Nxf4 {[%emt 0:00:00]} Ne7 {[%emt 0:00:01]} 13. g3 {[%emt 0:00:01]} Bg4 {[%emt 0:00:00]} 14. Be2 {[%emt 0:00:01]} Bxe2 {[%emt 0:00:02]} 15. Kxe2 {[%emt 0:00:00]} O-O {[%emt 0:00:01]} 16. Raf1 {[%emt 0:00:01]} b5 {[%emt 0:00:00]} 17. a4 {[%emt 0:00:01]} bxa4 {[%emt 0:00:01]} 18. Ra1 {[%emt 0:00:01]} Rab8 {[%emt 0:00:00]} 19. Rxa4 {[%emt 0:00:01]} Rxb2 {[%emt 0:00:01]} 20. Rc1 {[%emt 0:00:00]} Nc6 {[%emt 0:00:04]} 21. Nd5 {[%emt 0:00:03]} Re8 {[%emt 0:00:02]} 22. Kd2 {[%emt 0:00:02]} f5 {[%emt 0:00:04]} 23. exf5 {[%emt 0:00:03]} Re5 {[%emt 0:00:00]} 24. Nf4 {[%emt 0:00:06]} Rxf5 {[%emt 0:00:01]} 25. Rca1 {[%emt 0:00:02]} Rf7 {[%emt 0:00:02]} 26. Ra6 {[%emt 0:00:02]} Nb4 {[%emt 0:00:02]} 27. Rxa7 {[%emt 0:00:02]} Rxc2+ {[%emt 0:00:00]} 28. Kd1 {[%emt 0:00:01]} Rxa7 {[%emt 0:00:01]} 29. Rxa7 {[%emt 0:00:01]} g5 {[%emt 0:00:01]} 30. Nh5 {[%emt 0:00:04]} Rc3 {[%emt 0:00:02]} 31. Nf6+ {[%emt 0:00:01]} Kf8 {[%emt 0:00:01]} 32. Rd7 {[%emt 0:00:05]} Rxd3+ {[%emt 0:00:02]} 33. Kc1 {[%emt 0:00:00]} Rc3+ {[%emt 0:00:01]} 34. Kb1 {[%emt 0:00:01]} Nc6 {[%emt 0:00:02]} 35. Nxh7+ {[%emt 0:00:02]} Ke8 {[%emt 0:00:01]} 36. Nf6+ {[%emt 0:00:01]} Kf8 {[%emt 0:00:01]} 37. Nh7+ {[%emt 0:00:01]} Ke8 {[%emt 0:00:01]} 38. Nf6+ {[%emt 0:00:00]} Kf8 {[%emt 0:00:02]} 39. Nh7+ {[%emt 0:00:01] (Lag: Av=0.52s, max=0.8s) (Lag: Av=0.52s, max=0.8s) (Lag: Av=0.52s, max=0.8s)} 1/2-1/2

[Event "418 Stay Safe Play From Home series"]
[Site "Emanuel Lasker Arena"]
[Date "2020.08.28"]
[Round "2"]
[White "Fischer_11"]
[Black "Klasman"]
[Result "1-0"]
[WhiteElo "2035"]
[BlackElo "1282"]
[Annotator "NA"]
[PlyCount "49"]
[EventDate "2020.08.28"]
[EventType "swiss (blitz)"]

1. e4 {[%emt 0:00:02]} f5 {[%emt 0:00:01]} 2. exf5 {[%emt 0:00:01]} Nf6 {[%emt 0:00:01]} 3. Be2 {[%emt 0:00:00]} h5 {[%emt 0:00:02]} 4. Nf3 {[%emt 0:00:00]} d5 {[%emt 0:00:01]} 5. O-O {[%emt 0:00:00]} Bxf5 {[%emt 0:00:01]} 6. d4 {[%emt 0:00:00]} Nc6 {[%emt 0:00:03]} 7. c4 {[%emt 0:00:00]} dxc4 {[%emt 0:00:05]} 8. Nc3 {[%emt 0:00:02]} a6 {[%emt 0:00:02]} 9. Bxc4 {[%emt 0:00:01]} b5 {[%emt 0:00:02]} 10. Bb3 {[%emt 0:00:02]} Na5 {[%emt 0:00:04]} 11. Ne5 {[%emt 0:00:01]} Nxb3 {[%emt 0:00:02]} 12. Qxb3 {[%emt 0:00:00]} e6 {[%emt 0:00:03]} 13. Re1 {[%emt 0:00:07]} Bd6 {[%emt 0:00:01]} 14. d5 {[%emt 0:00:03]} Bxe5 {[%emt 0:00:02]} 15. Rxe5 {[%emt 0:00:00]} Nxd5 {[%emt 0:00:07]} 16. Nxd5 {[%emt 0:00:02]} O-O {[%emt 0:00:10]} 17. Be3 {[%emt 0:00:07]} exd5 {[%emt 0:00:01]} 18. Rxd5 {[%emt 0:00:04]} Qf6 {[%emt 0:00:01]} 19. Rxf5+ {[%emt 0:00:02]} Rf7 {[%emt 0:00:05]} 20. Rxf6 {[%emt 0:00:01]} gxf6 {[%emt 0:00:01]} 21. Rc1 {[%emt 0:00:02]} Raf8 {[%emt 0:00:01]} 22. Rxc7 {[%emt 0:00:01]} Kg7 {[%emt 0:00:01]} 23. Rxf7+ {[%emt 0:00:01]} Rxf7 {[%emt 0:00:01]} 24. Qxf7+ {[%emt 0:00:00]} Kxf7 {[%emt 0:00:02]} 25. f4 {[%emt 0:00:00] Time Time Time (Lag: Av=0.40s, max=1.0s) (Lag: Av=0.40s, max=1.0s) (Lag: Av=0.40s, max=1.0s)} 1-0

[Event "418 Stay Safe Play From Home series"]
[Site "Emanuel Lasker Arena"]
[Date "2020.08.28"]
[Round "2"]
[White "Frido-BBB"]
[Black "Yuriko"]
[Result "0-1"]
[WhiteElo "1588"]
[BlackElo "2013"]
[PlyCount "56"]
[EventDate "2020.08.28"]
[EventType "swiss (blitz)"]

1. e4 {[%emt 0:00:03]} c5 {[%emt 0:00:00]} 2. d4 {[%emt 0:00:01]} cxd4 {[%emt 0:00:00]} 3. c3 {[%emt 0:00:01]} d3 {[%emt 0:00:01]} 4. Bxd3 {[%emt 0:00:02]} d6 {[%emt 0:00:00]} 5. Nf3 {[%emt 0:00:01]} a6 {[%emt 0:00:00]} 6. O-O {[%emt 0:00:01]} Nf6 {[%emt 0:00:00]} 7. Be3 {[%emt 0:00:01]} e6 {[%emt 0:00:01]} 8. Nbd2 {[%emt 0:00:01]} Be7 {[%emt 0:00:00]} 9. Qc2 {[%emt 0:00:01]} Qc7 {[%emt 0:00:00]} 10. Ng5 {[%emt 0:00:02]} h6 {[%emt 0:00:01]} 11. Ngf3 {[%emt 0:00:02]} O-O {[%emt 0:00:01]} 12. Rac1 {[%emt 0:00:03]} Nc6 {[%emt 0:00:00]} 13. e5 {[%emt 0:00:02]} dxe5 {[%emt 0:00:01]} 14. Nxe5 {[%emt 0:00:00]} Nxe5 {[%emt 0:00:00]} 15. Bf4 {[%emt 0:00:01]} Bd6 {[%emt 0:00:01]} 16. Rfe1 {[%emt 0:00:00]} Nc6 {[%emt 0:00:02]} 17. Bxd6 {[%emt 0:00:01]} Qxd6 {[%emt 0:00:00]} 18. Rcd1 {[%emt 0:00:01]} Rd8 {[%emt 0:00:01]} 19. Nf3 {[%emt 0:00:01]} Qe7 {[%emt 0:00:02]} 20. Be4 {[%emt 0:00:02]} Bd7 {[%emt 0:00:01]} 21. Ne5 {[%emt 0:00:02]} Nxe5 {[%emt 0:00:03]} 22. f4 {[%emt 0:00:02]} Nc4 {[%emt 0:00:02]} 23. Qb3 {[%emt 0:00:02]} Nd6 {[%emt 0:00:05]} 24. Rd3 {[%emt 0:00:05]} Ndxe4 {[%emt 0:00:01]} 25. Ree3 {[%emt 0:00:04]} Bc6 {[%emt 0:00:01]} 26. Rh3 {[%emt 0:00:02]} Qc5+ {[%emt 0:00:00]} 27. Kh1 {[%emt 0:00:07]} Nf2+ {[%emt 0:00:01]} 28. Kg1 {[%emt 0:00:02]} Nxh3+ {[%emt 0:00:00] Frido-BBB gibt auf Frido-BBB gibt auf Frido-BBB gibt auf (Lag: Av=0.68s, max=1.0s) (Lag: Av=0.68s, max=1.0s) (Lag: Av=0.68s, max=1.0s)} 0-1

[Event "418 Stay Safe Play From Home series"]
[Site "Emanuel Lasker Arena"]
[Date "2020.08.28"]
[Round "2"]
[White "W Nelles"]
[Black "TheCHESSHOUSE"]
[Result "0-1"]
[WhiteElo "1241"]
[BlackElo "2031"]
[PlyCount "70"]
[EventDate "2020.08.28"]
[EventType "swiss (blitz)"]

1. e4 {[%emt 0:00:01]} c5 {[%emt 0:00:01]} 2. Nf3 {[%emt 0:00:02]} d6 {[%emt 0:00:00]} 3. Bc4 {[%emt 0:00:01]} e6 {[%emt 0:00:01]} 4. O-O {[%emt 0:00:01]} a6 {[%emt 0:00:00]} 5. c3 {[%emt 0:00:01]} b5 {[%emt 0:00:01]} 6. Be2 {[%emt 0:00:01]} Bb7 {[%emt 0:00:00]} 7. d3 {[%emt 0:00:03]} Nf6 {[%emt 0:00:02]} 8. Bg5 {[%emt 0:00:02]} Be7 {[%emt 0:00:01]} 9. Bxf6 {[%emt 0:00:01]} Bxf6 {[%emt 0:00:00]} 10. Nbd2 {[%emt 0:00:01]} Nd7 {[%emt 0:00:00]} 11. Nb3 {[%emt 0:00:01]} O-O {[%emt 0:00:00]} 12. a3 {[%emt 0:00:03]} Qc7 {[%emt 0:00:01]} 13. Nbd2 {[%emt 0:00:01]} Rfd8 {[%emt 0:00:01]} 14. Rc1 {[%emt 0:00:01]} h6 {[%emt 0:00:01]} 15. b4 {[%emt 0:00:02]} Rac8 {[%emt 0:00:01]} 16. c4 {[%emt 0:00:03]} Qb6 {[%emt 0:00:03]} 17. bxc5 {[%emt 0:00:02]} Nxc5 {[%emt 0:00:01]} 18. d4 {[%emt 0:00:01]} Nxe4 {[%emt 0:00:01]} 19. Nxe4 {[%emt 0:00:02]} Bxe4 {[%emt 0:00:00]} 20. cxb5 {[%emt 0:00:04]} axb5 {[%emt 0:00:00]} 21. Rxc8 {[%emt 0:00:02]} Rxc8 {[%emt 0:00:00]} 22. Nd2 {[%emt 0:00:02]} Bc2 {[%emt 0:00:03]} 23. Qe1 {[%emt 0:00:03]} Qxd4 {[%emt 0:00:01]} 24. Nf3 {[%emt 0:00:01]} Qc3 {[%emt 0:00:01]} 25. Qxc3 {[%emt 0:00:01]} Bxc3 {[%emt 0:00:00]} 26. Rc1 {[%emt 0:00:02]} Ba4 {[%emt 0:00:01]} 27. Nd4 {[%emt 0:00:03]} Rc7 {[%emt 0:00:03]} 28. Bxb5 {[%emt 0:00:03]} Bxd4 {[%emt 0:00:07]} 29. Rxc7 {[%emt 0:00:02]} Bxb5 {[%emt 0:00:00]} 30. Rc8+ {[%emt 0:00:01]} Kh7 {[%emt 0:00:01]} 31. g3 {[%emt 0:00:01]} Bc5 {[%emt 0:00:01]} 32. Kg2 {[%emt 0:00:02]} Bxa3 {[%emt 0:00:01]} 33. Kf3 {[%emt 0:00:01]} Bc5 {[%emt 0:00:01]} 34. Kg4 {[%emt 0:00:01]} Kg6 {[%emt 0:00:00]} 35. f4 {[%emt 0:00:01]} Be2+ {[%emt 0:00:02] Zeit Zeit Zeit (Lag: Av=0.75s, max=1.2s) (Lag: Av=0.75s, max=1.2s) (Lag: Av=0.75s, max=1.2s)} 0-1

[Event "418 Stay Safe Play From Home series"]
[Site "Emanuel Lasker Arena"]
[Date "2020.08.28"]
[Round "3"]
[White "Gokerkan"]
[Black "Tran Minh Thang"]
[Result "0-1"]
[WhiteElo "2601"]
[BlackElo "2458"]
[PlyCount "146"]
[EventDate "2020.08.28"]
[EventType "swiss (blitz)"]

1. e4 {[%emt 0:00:01]} c5 {[%emt 0:00:01]} 2. c3 {[%emt 0:00:01]} Nf6 {[%emt 0:00:01]} 3. e5 {[%emt 0:00:01]} Nd5 {[%emt 0:00:00]} 4. d4 {[%emt 0:00:00]} e6 {[%emt 0:00:00]} 5. Nf3 {[%emt 0:00:01]} d6 {[%emt 0:00:00]} 6. exd6 {[%emt 0:00:01]} Bxd6 {[%emt 0:00:01]} 7. dxc5 {[%emt 0:00:01]} Bxc5 {[%emt 0:00:00]} 8. Bb5+ {[%emt 0:00:01]} Bd7 {[%emt 0:00:01]} 9. Bxd7+ {[%emt 0:00:01]} Nxd7 {[%emt 0:00:00]} 10. O-O {[%emt 0:00:00]} O-O {[%emt 0:00:01]} 11. Nbd2 {[%emt 0:00:00]} N7f6 {[%emt 0:00:01]} 12. Nb3 {[%emt 0:00:01]} Bb6 {[%emt 0:00:01]} 13. Nbd4 {[%emt 0:00:00]} Re8 {[%emt 0:00:01]} 14. Bg5 {[%emt 0:00:01]} e5 {[%emt 0:00:01]} 15. Nf5 {[%emt 0:00:01]} e4 {[%emt 0:00:00]} 16. N3d4 {[%emt 0:00:01]} h6 {[%emt 0:00:07]} 17. Bh4 {[%emt 0:00:01]} Qc7 {[%emt 0:00:05]} 18. Rc1 {[%emt 0:00:09]} Qe5 {[%emt 0:00:07]} 19. c4 {[%emt 0:00:05]} Nf4 {[%emt 0:00:02]} 20. c5 {[%emt 0:00:02]} Bc7 {[%emt 0:00:04]} 21. Bg3 {[%emt 0:00:02]} Rad8 {[%emt 0:00:02]} 22. Qd2 {[%emt 0:00:01]} N6h5 {[%emt 0:00:01]} 23. Rfd1 {[%emt 0:00:02]} Nxg3 {[%emt 0:00:03]} 24. hxg3 {[%emt 0:00:00]} Ne6 {[%emt 0:00:00]} 25. Qe3 {[%emt 0:00:04]} Nxc5 {[%emt 0:00:03]} 26. Nb5 {[%emt 0:00:04]} Rxd1+ {[%emt 0:00:04]} 27. Rxd1 {[%emt 0:00:00]} Bb6 {[%emt 0:00:01]} 28. Nfd6 {[%emt 0:00:01]} Nd3 {[%emt 0:00:01]} 29. Rxd3 {[%emt 0:00:06]} exd3 {[%emt 0:00:01]} 30. Qxd3 {[%emt 0:00:04]} Qe1+ {[%emt 0:00:01]} 31. Kh2 {[%emt 0:00:00]} Re5 {[%emt 0:00:01]} 32. Qf3 {[%emt 0:00:02]} Qxf2 {[%emt 0:00:01]} 33. Qxf2 {[%emt 0:00:01]} Bxf2 {[%emt 0:00:00]} 34. g4 {[%emt 0:00:00]} Bc5 {[%emt 0:00:01]} 35. g3 {[%emt 0:00:00]} Bxd6 {[%emt 0:00:00]} 36. Nxd6 {[%emt 0:00:00]} Rd5 {[%emt 0:00:00]} 37. Nc8 {[%emt 0:00:01]} Rd2+ {[%emt 0:00:00]} 38. Kh3 {[%emt 0:00:01]} Rxb2 {[%emt 0:00:00]} 39. Ne7+ {[%emt 0:00:01]} Kh7 {[%emt 0:00:00]} 40. Nd5 {[%emt 0:00:00]} b5 {[%emt 0:00:00]} 41. Ne3 {[%emt 0:00:00]} b4 {[%emt 0:00:00]} 42. Nd5 {[%emt 0:00:00]} Rxa2 {[%emt 0:00:01]} 43. Nxb4 {[%emt 0:00:01]} Rb2 {[%emt 0:00:00]} 44. Nc6 {[%emt 0:00:00]} a5 {[%emt 0:00:00]} 45. Ne5 {[%emt 0:00:00]} Ra2 {[%emt 0:00:00]} 46. Nxf7 {[%emt 0:00:00]} a4 {[%emt 0:00:00]} 47. g5 {[%emt 0:00:00]} hxg5 {[%emt 0:00:00]} 48. Nxg5+ {[%emt 0:00:01]} Kg6 {[%emt 0:00:00]} 49. Ne4 {[%emt 0:00:00]} a3 {[%emt 0:00:00]} 50. Nc3 {[%emt 0:00:00]} Rb2 {[%emt 0:00:00]} 51. Nb5 {[%emt 0:00:00]} a2 {[%emt 0:00:00]} 52. Nd4 {[%emt 0:00:00]} a1=Q {[%emt 0:00:00]} 53. Nf3 {[%emt 0:00:00]} Qh1+ {[%emt 0:00:00]} 54. Kg4 {[%emt 0:00:00]} Rb4+ {[%emt 0:00:00]} 55. Nd4 {[%emt 0:00:00]} Qf3+ {[%emt 0:00:00]} 56. Kxf3 {[%emt 0:00:00]} Rxd4 {[%emt 0:00:00]} 57. Kg2 {[%emt 0:00:00]} Rd6 {[%emt 0:00:00]} 58. Kh3 {[%emt 0:00:00]} Rf6 {[%emt 0:00:00]} 59. Kg2 {[%emt 0:00:00]} Kg5 {[%emt 0:00:00]} 60. Kh3 {[%emt 0:00:00]} Rf5 {[%emt 0:00:00]} 61. g4 {[%emt 0:00:00]} Re5 {[%emt 0:00:00]} 62. Kg3 {[%emt 0:00:00]} Re4 {[%emt 0:00:00]} 63. Kf3 {[%emt 0:00:00]} Rxg4 {[%emt 0:00:00]} 64. Ke2 {[%emt 0:00:00]} Rf4 {[%emt 0:00:00]} 65. Kd1 {[%emt 0:00:00]} Kf5 {[%emt 0:00:00]} 66. Kc2 {[%emt 0:00:00]} g5 {[%emt 0:00:00]} 67. Kd2 {[%emt 0:00:00]} g4 {[%emt 0:00:00]} 68. Kd1 {[%emt 0:00:00]} g3 {[%emt 0:00:00]} 69. Ke2 {[%emt 0:00:00]} g2 {[%emt 0:00:00]} 70. Kd2 {[%emt 0:00:00]} g1=Q {[%emt 0:00:00]} 71. Ke2 {[%emt 0:00:00]} Qg3 {[%emt 0:00:00]} 72. Kd1 {[%emt 0:00:00]} Rf2 {[%emt 0:00:00]} 73. Ke1 {[%emt 0:00:00]} Qg1# {[%emt 0:00:00] (Lag: Av=0.86s, max=3.2s) (Lag: Av=0.86s, max=3.2s) (Lag: Av=0.86s, max=3.2s)} 0-1

[Event "418 Stay Safe Play From Home series"]
[Site "Emanuel Lasker Arena"]
[Date "2020.08.28"]
[Round "3"]
[White "IceQueen"]
[Black "NTBT_DHS"]
[Result "0-1"]
[WhiteElo "2393"]
[BlackElo "2565"]
[PlyCount "48"]
[EventDate "2020.08.28"]
[EventType "swiss (blitz)"]

1. e4 {[%emt 0:00:01]} g6 {[%emt 0:00:00]} 2. Nc3 {[%emt 0:00:01]} Bg7 {[%emt 0:00:00]} 3. d4 {[%emt 0:00:00]} d6 {[%emt 0:00:00]} 4. h4 {[%emt 0:00:01]} h5 {[%emt 0:00:01]} 5. Bg5 {[%emt 0:00:01]} c6 {[%emt 0:00:02]} 6. Nf3 {[%emt 0:00:02]} Qb6 {[%emt 0:00:01]} 7. Rb1 {[%emt 0:00:02]} Bg4 {[%emt 0:00:01]} 8. Be3 {[%emt 0:00:02]} Nd7 {[%emt 0:00:01]} 9. Qd2 {[%emt 0:00:00]} Ngf6 {[%emt 0:00:02]} 10. Ng5 {[%emt 0:00:01]} c5 {[%emt 0:00:03]} 11. f3 {[%emt 0:00:02]} Nxe4 {[%emt 0:00:04]} 12. Ncxe4 {[%emt 0:00:01]} cxd4 {[%emt 0:00:01]} 13. Bf2 {[%emt 0:00:04]} Bf5 {[%emt 0:00:00]} 14. Bc4 {[%emt 0:00:02]} e6 {[%emt 0:00:01]} 15. c3 {[%emt 0:00:04]} d5 {[%emt 0:00:01]} 16. Bd3 {[%emt 0:00:02]} dxe4 {[%emt 0:00:01]} 17. fxe4 {[%emt 0:00:01]} Bg4 {[%emt 0:00:00]} 18. cxd4 {[%emt 0:00:02]} Bxd4 {[%emt 0:00:00]} 19. O-O {[%emt 0:00:02]} Bxf2+ {[%emt 0:00:01]} 20. Rxf2 {[%emt 0:00:00]} Ne5 {[%emt 0:00:02]} 21. Bf1 {[%emt 0:00:03]} O-O {[%emt 0:00:05]} 22. Kh1 {[%emt 0:00:01]} Rad8 {[%emt 0:00:04]} 23. Qf4 {[%emt 0:00:00]} f6 {[%emt 0:00:00]} 24. Nf3 {[%emt 0:00:03]} Qxf2 {[%emt 0:00:01] IceQueen resigns IceQueen resigns IceQueen resigns (Lag: Av=0.55s, max=1.0s) (Lag: Av=0.55s, max=1.0s) (Lag: Av=0.55s, max=1.0s)} 0-1

[Event "418 Stay Safe Play From Home series"]
[Site "Emanuel Lasker Arena"]
[Date "2020.08.28"]
[Round "3"]
[White "Nguyen Hong Anh"]
[Black "AChessPlayer"]
[Result "0-1"]
[WhiteElo "2239"]
[BlackElo "2347"]
[PlyCount "78"]
[EventDate "2020.08.28"]
[EventType "swiss (blitz)"]

1. d4 {[%emt 0:00:01]} Nf6 {[%emt 0:00:01]} 2. c4 {[%emt 0:00:01]} c6 {[%emt 0:00:00]} 3. Nf3 {[%emt 0:00:00]} d5 {[%emt 0:00:01]} 4. Qc2 {[%emt 0:00:01]} g6 {[%emt 0:00:01]} 5. g3 {[%emt 0:00:01]} Bg7 {[%emt 0:00:00]} 6. Bg2 {[%emt 0:00:01]} O-O {[%emt 0:00:00]} 7. O-O {[%emt 0:00:01]} dxc4 {[%emt 0:00:00]} 8. Qxc4 {[%emt 0:00:02]} Be6 {[%emt 0:00:00]} 9. Qc2 {[%emt 0:00:01]} Na6 {[%emt 0:00:01]} 10. Nc3 {[%emt 0:00:01]} Nb4 {[%emt 0:00:01]} 11. Qd1 {[%emt 0:00:01]} Nbd5 {[%emt 0:00:00]} 12. Nd2 {[%emt 0:00:04]} Nxc3 {[%emt 0:00:03]} 13. bxc3 {[%emt 0:00:00]} Qa5 {[%emt 0:00:02]} 14. Bb2 {[%emt 0:00:02]} Rad8 {[%emt 0:00:00]} 15. e4 {[%emt 0:00:03]} Bg4 {[%emt 0:00:00]} 16. Qc2 {[%emt 0:00:01]} Bc8 {[%emt 0:00:00]} 17. Nc4 {[%emt 0:00:01]} Qh5 {[%emt 0:00:01]} 18. Ne3 {[%emt 0:00:00]} Bh3 {[%emt 0:00:01]} 19. e5 {[%emt 0:00:01]} Ng4 {[%emt 0:00:02]} 20. Nxg4 {[%emt 0:00:01]} Qxg4 {[%emt 0:00:02]} 21. Qe4 {[%emt 0:00:01]} Qxe4 {[%emt 0:00:02]} 22. Bxe4 {[%emt 0:00:00]} Bxf1 {[%emt 0:00:00]} 23. Kxf1 {[%emt 0:00:00]} Rfe8 {[%emt 0:00:03]} 24. Rd1 {[%emt 0:00:01]} e6 {[%emt 0:00:01]} 25. Ba3 {[%emt 0:00:01]} Bf8 {[%emt 0:00:00]} 26. Bb2 {[%emt 0:00:01]} Be7 {[%emt 0:00:00]} 27. c4 {[%emt 0:00:01]} Rd7 {[%emt 0:00:02]} 28. Ke2 {[%emt 0:00:01]} Red8 {[%emt 0:00:01]} 29. Ke3 {[%emt 0:00:00]} a5 {[%emt 0:00:01]} 30. Bc3 {[%emt 0:00:01]} Bb4 {[%emt 0:00:01]} 31. Bb2 {[%emt 0:00:01]} Rc7 {[%emt 0:00:00]} 32. a3 {[%emt 0:00:01]} Bf8 {[%emt 0:00:01]} 33. d5 {[%emt 0:00:01]} cxd5 {[%emt 0:00:01]} 34. cxd5 {[%emt 0:00:01]} exd5 {[%emt 0:00:00]} 35. Bxd5 {[%emt 0:00:01]} Rcd7 {[%emt 0:00:00]} 36. e6 {[%emt 0:00:03]} Rxd5 {[%emt 0:00:03]} 37. exf7+ {[%emt 0:00:00]} Kxf7 {[%emt 0:00:01]} 38. Rc1 {[%emt 0:00:01]} Rd3+ {[%emt 0:00:01]} 39. Kf4 {[%emt 0:00:02]} Bh6+ {[%emt 0:00:02] Nguyen Hong Anh resigns Nguyen Hong Anh resigns Nguyen Hong Anh resigns (Lag: Av=0.86s, max=1.7s) (Lag: Av=0.86s, max=1.7s) (Lag: Av=0.86s, max=1.7s)} 0-1

[Event "418 Stay Safe Play From Home series"]
[Site "Emanuel Lasker Arena"]
[Date "2020.08.28"]
[Round "3"]
[White "TheCHESSHOUSE"]
[Black "Lazieri3"]
[Result "0-1"]
[WhiteElo "2031"]
[BlackElo "2063"]
[Annotator "NA"]
[PlyCount "60"]
[EventDate "2020.08.28"]
[EventType "swiss (blitz)"]

1. d4 {[%emt 0:00:01]} c6 {[%emt 0:00:00]} 2. c4 {[%emt 0:00:01]} d5 {[%emt 0:00:00]} 3. cxd5 {[%emt 0:00:00]} cxd5 {[%emt 0:00:00]} 4. Nc3 {[%emt 0:00:00]} Nf6 {[%emt 0:00:00]} 5. Bf4 {[%emt 0:00:00]} Nc6 {[%emt 0:00:00]} 6. Nf3 {[%emt 0:00:00]} Bf5 {[%emt 0:00:00]} 7. Rc1 {[%emt 0:00:00]} e6 {[%emt 0:00:00]} 8. a3 {[%emt 0:00:00]} Bd6 {[%emt 0:00:00]} 9. Bxd6 {[%emt 0:00:00]} Qxd6 {[%emt 0:00:00]} 10. e3 {[%emt 0:00:00]} O-O {[%emt 0:00:01]} 11. Be2 {[%emt 0:00:00]} Ne4 {[%emt 0:00:01]} 12. O-O {[%emt 0:00:01]} Nxc3 {[%emt 0:00:01]} 13. bxc3 {[%emt 0:00:00]} h6 {[%emt 0:00:00]} 14. Qb3 {[%emt 0:00:01]} Na5 {[%emt 0:00:01]} 15. Qb2 {[%emt 0:00:01]} Rfc8 {[%emt 0:00:03]} 16. Ne5 {[%emt 0:00:01]} b6 {[%emt 0:00:01]} 17. c4 {[%emt 0:00:02]} Nxc4 {[%emt 0:00:01]} 18. Nxc4 {[%emt 0:00:00]} dxc4 {[%emt 0:00:00]} 19. Bxc4 {[%emt 0:00:01]} Rxc4 {[%emt 0:00:02]} 20. Rxc4 {[%emt 0:00:03]} Bd3 {[%emt 0:00:01]} 21. Rfc1 {[%emt 0:00:03]} Bxc4 {[%emt 0:00:01]} 22. Rxc4 {[%emt 0:00:00]} Rd8 {[%emt 0:00:02]} 23. h3 {[%emt 0:00:01]} e5 {[%emt 0:00:02]} 24. Qc3 {[%emt 0:00:02]} exd4 {[%emt 0:00:01]} 25. exd4 {[%emt 0:00:00]} b5 {[%emt 0:00:02]} 26. Rb4 {[%emt 0:00:02]} a6 {[%emt 0:00:01]} 27. a4 {[%emt 0:00:03]} bxa4 {[%emt 0:00:03]} 28. Rxa4 {[%emt 0:00:01]} g6 {[%emt 0:00:04]} 29. Qc4 {[%emt 0:00:02]} Rb8 {[%emt 0:00:02]} 30. Rxa6 {[%emt 0:00:01]} Rb1+ {[%emt 0:00:01] TheCHESSHOUSE resigns TheCHESSHOUSE resigns TheCHESSHOUSE resigns (Lag: Av=0.73s, max=1.4s) (Lag: Av=0.73s, max=1.4s) (Lag: Av=0.73s, max=1.4s)} 0-1

[Event "418 Stay Safe Play From Home series"]
[Site "Emanuel Lasker Arena"]
[Date "2020.08.28"]
[Round "3"]
[White "Yuriko"]
[Black "Fischer_11"]
[Result "0-1"]
[WhiteElo "2015"]
[BlackElo "2035"]
[Annotator "NA"]
[PlyCount "51"]
[EventDate "2020.08.28"]
[EventType "swiss (blitz)"]

1. d4 {[%emt 0:00:02]} e5 {[%emt 0:00:01]} 2. c4 {[%emt 0:00:00]} exd4 {[%emt 0:00:01]} 3. Qxd4 {[%emt 0:00:00]} Nc6 {[%emt 0:00:01]} 4. Qd1 {[%emt 0:00:00]} Qh4 {[%emt 0:00:00]} 5. Nc3 {[%emt 0:00:00]} Qxc4 {[%emt 0:00:01]} 6. e3 {[%emt 0:00:01]} Qe6 {[%emt 0:00:00]} 7. Nf3 {[%emt 0:00:00]} Nf6 {[%emt 0:00:01]} 8. Be2 {[%emt 0:00:00]} Bb4 {[%emt 0:00:01]} 9. a3 {[%emt 0:00:01]} Bxc3+ {[%emt 0:00:02]} 10. bxc3 {[%emt 0:00:00]} O-O {[%emt 0:00:01]} 11. O-O {[%emt 0:00:00]} Ne4 {[%emt 0:00:00]} 12. Qc2 {[%emt 0:00:01]} d5 {[%emt 0:00:02]} 13. Nd4 {[%emt 0:00:01]} Nxd4 {[%emt 0:00:01]} 14. cxd4 {[%emt 0:00:00]} c6 {[%emt 0:00:01]} 15. a4 {[%emt 0:00:00]} Qg6 {[%emt 0:00:02]} 16. f3 {[%emt 0:00:03]} Nd6 {[%emt 0:00:02]} 17. Bd3 {[%emt 0:00:02]} Bf5 {[%emt 0:00:01]} 18. Bxf5 {[%emt 0:00:02]} Qxf5 {[%emt 0:00:00]} 19. Qb3 {[%emt 0:00:02]} Qe6 {[%emt 0:00:04]} 20. Qxb7 {[%emt 0:00:03]} Nxb7 {[%emt 0:00:01]} 21. Re1 {[%emt 0:00:01]} Nd6 {[%emt 0:00:01]} 22. Bd2 {[%emt 0:00:00]} Nc4 {[%emt 0:00:01]} 23. Bb4 {[%emt 0:00:02]} Rfb8 {[%emt 0:00:02]} 24. Bc5 {[%emt 0:00:00]} Rb2 {[%emt 0:00:03]} 25. e4 {[%emt 0:00:00]} dxe4 {[%emt 0:00:02]} 26. fxe4 {[%emt 0:00:00] Yuriko resigns Yuriko resigns Yuriko resigns (Lag: Av=0.40s, max=0.7s) (Lag: Av=0.40s, max=0.7s) (Lag: Av=0.40s, max=0.7s)} 0-1